Almanaque de El Orden / (Record no. 2636)
[ view plain ]
| 000 -LEADER | |
|---|---|
| campo de control de longitud fija | 01085nas a2200301 i 4500 |
| 001 - NÚMERO DE CONTROL | |
| campo de control | 2636 |
| 003 - IDENTIFICADOR DE NÚMERO DE CONTROL | |
| campo de control | ES-MaACL |
| 005 - FECHA Y HORA DE LA ÚLTIMA TRANSACCIÓN | |
| campo de control | 20250709062525.0 |
| 007 - CAMPO FIJO DE DESCRIPCIÓN FÍSICA--INFORMACIÓN GENERAL | |
| campo de control de longitud fija | t| |
| 008 - DATOS DE LONGITUD FIJA--INFORMACIÓN GENERAL | |
| campo de control de longitud fija | 950801d18741875sp ar 0 1 |spa d |
| 080 ## - NÚMERO DE LA CLASIFICACIÓN DECIMAL UNIVERSAL | |
| Número de la Clasificación Decimal Universal | 460 |
| 245 00 - MENCIÓN DEL TÍTULO | |
| Título | Almanaque de El Orden / |
| Mención de responsabilidad, etc. | escrito por Castelar, Celleruelo, Gassó y Vidal (Señorita Doña Leopolda), Lago (D. José María) ... [ et al.]. |
| 260 ## - PUBLICACIÓN, DISTRIBUCIÓN, ETC. | |
| Lugar de publicación, distribución, etc. | Madrid : |
| Nombre del editor, distribuidor, etc. | publicado por Antonio Sánchez Pérez, |
| Fecha de publicación, distribución, etc. | [1874-] ( |
| Fabricante | Quirós, Imp.) |
| 300 ## - DESCRIPCIÓN FÍSICA | |
| Extensión | 1 v. ; |
| Dimensiones | 19 cm. |
| 310 ## - PERIODICIDAD ACTUAL | |
| Periodicidad actual | Anual |
| 362 0# - FECHAS DE PUBLICACIÓN Y/O DESIGNACIÓN SECUENCIAL | |
| Fecha de publicación y/o designación secuencial | 1875- |
| 530 ## - NOTA DISPONIBLE DE FORMULARIO FÍSICO ADICIONAL | |
| Nota de formato físico adicional disponible | Disponible en formato digital. |
| 700 1# - ENTRADA AGREGADA--NOMBRE PERSONAL | |
| Nombre de persona | Castelar, Emilio, |
| Fechas asociadas al nombre | 1832-1899 |
| 9 (RLIN) | 36479 |
| 700 1# - ENTRADA AGREGADA--NOMBRE PERSONAL | |
| Nombre de persona | Celleruelo, José María ( |
| Fechas asociadas al nombre | 1840-1911) |
| 9 (RLIN) | 174812 |
| 700 1# - ENTRADA AGREGADA--NOMBRE PERSONAL | |
| Nombre de persona | Gassó y Vidal, Leopolda. |
| 9 (RLIN) | 55928 |
| 700 1# - ENTRADA AGREGADA--NOMBRE PERSONAL | |
| Nombre de persona | Lago, José María ( |
| Fechas asociadas al nombre | 1816-1887) |
| 9 (RLIN) | 174813 |
| 787 0# - ENTRA/ENLACE A OTRAS RELACIONES | |
| Título | El Orden (Madrid. 1874) |
| 852 4# - LOCALIZACIÓN | |
| Ubicación | ES-MaACL |
| Número de control de estantería | Fol-Laf-438 |
| 856 4# - LOCALIZACIÓN Y ACCESO ELECTRÓNICOS | |
| Identificador Uniforme de Recursos | <a href="https://prensahistorica.mcu.es/es/consulta/registro.do?id=1029742">https://prensahistorica.mcu.es/es/consulta/registro.do?id=1029742</a> |
| Nota pública | Biblioteca Virtual de Prensa Histórica |
| 866 #0 - MENCIÓN TEXTUAL DE FONDOS--UNIDAD BIBLIOGRÁFICA BÁSICA | |
| Fondos | 1875. |
| 942 ## - ELEMENTOS DE ENTRADA SECUNDARIOS (KOHA) | |
| Fuente del sistema de clasificación o colocación | Clasificación decimal universal |
| Tipo de ítem Koha | Revista |
| Estatus retirado | Estado de pérdida | Fuente del sistema de clasificación o colocación | Estado de daño | No para préstamo | Colección | Biblioteca de origen | Biblioteca actual | Ubicación en estantería | Fecha de adquisición | Total de préstamos | Signatura topográfica completa | Código de barras | Visto por última vez | Precio de reemplazo | Tipo de ítem Koha |
|---|---|---|---|---|---|---|---|---|---|---|---|---|---|---|---|
| Clasificación decimal universal | Periódicos y Revistas | Biblioteca del Ateneo de Madrid | Biblioteca del Ateneo de Madrid | Depósito folletos | 17/01/2008 | Fol-Laf-438 | 1002680 | 23/02/2023 | 23/02/2023 | Revista |
